| 000 | 00773nam a2200241 4500 | ||
|---|---|---|---|
| 003 | OSt | ||
| 005 | 20260530115324.0 | ||
| 008 | 260521b1969 ag ||||| |||| 00| 0 spa d | ||
| 040 |
_aICI _bspa _cICI _erda |
||
| 050 | _aHT166 C83 | ||
| 100 | _eautor | ||
| 245 |
_aCuaderno Summa Nueva Visión : _bmovilidad |
||
| 336 |
_2rdacontent _atexto |
||
| 337 |
_2rdamedia _asin medio |
||
| 338 |
_2rdacarrier _avolumen |
||
| 500 | _aNúmero especializado dedicado a movilidad, urbanismo, transporte y diseño contemporáneo. | ||
| 650 |
_aMovilidad urbana _xRevista _934785 |
||
| 650 |
_aDiseño urbano _xRevistas _934786 |
||
| 650 |
_aTransporte _xAspectos sociales _934787 |
||
| 700 |
_aMosquera Mendez, Lala _eeditora |
||
| 700 |
_aGrisetti, Jorge _eeditor |
||
| 942 |
_2lcc _n1 _cBK |
||
| 999 |
_c13904 _d13904 |
||